Racismo y análisis crítico de los medios
Saved in:
| 主要作者: | |
|---|---|
| 格式: | 圖書 |
| 語言: | 西班牙语 |
| 出版: |
Barcelona
Paidós
1997
|
| 叢編: | Paidós Comunicación, 82
|
| 主題: | |
| 標簽: |
添加標簽
沒有標簽, 成為第一個標記此記錄!
|
MARC
| LEADER | 00000nam a2200000 a 4500 | ||
|---|---|---|---|
| 001 | UCN3491 | ||
| 003 | CL-VaPUC | ||
| 008 | 010629e19970000SP |||||||||||||||||spa|d | ||
| 082 | 0 | 4 | |a 305.8 |b DIJ |2 21 |
| 100 | 0 | |a Dijk, Teun Adrianus van |e author |9 460029 | |
| 245 | 1 | 0 | |a Racismo y análisis crítico de los medios |
| 300 | |a 318 p | ||
| 942 | |c BK | ||
| 945 | |d 20010629 00:00:00 |a vberengu | ||
| 260 | |a Barcelona |b Paidós |c 1997 | ||
| 650 | 0 | |a Racismo |9 255805 | |
| 650 | 7 | |a PREJUICIO RACIAL |2 CL-VaPUC |9 337511 | |
| 650 | 0 | |a Actitud |9 258129 | |
| 650 | 0 | |a Comportamiento |9 308406 | |
| 650 | 0 | |a Análisis del discurso |9 256696 | |
| 650 | 0 | |a Medios de comunicación de masas |9 257273 | |
| 650 | 7 | |a GRUPOS ETNICOS |2 CL-VaPUC |9 324200 | |
| 650 | 0 | |a Problemas sociales |9 258537 | |
| 583 | |a last modification |c 20010629 00:00:00 |k Rodrigo Vera | ||
| 490 | 0 | |a Paidós Comunicación, 82 | |
| 999 | |c 296349 |d 296347 | ||
| 952 | |0 0 |1 0 |4 0 |6 305_800000000000000_DIJ_1997 |7 0 |8 A |9 350071 |a FDOPOS |b FDOPOS |d 2019-11-20 |i 3700542 |o 305.8 DIJ 1997 |p 3700542 |r 2023-08-09 |w 2019-11-20 |y BK |k MLA | ||
| 952 | |0 0 |1 0 |4 0 |6 305_800000000000000_DIJ_1997 |7 0 |8 A |9 350072 |a FDOPOS |b FDOPOS |d 2019-11-20 |i 3687945 |o 305.8 DIJ 1997 |p 3687945 |r 2023-08-09 |w 2019-11-20 |y BK |k MLA | ||